000 00376nam a2200181Ia 4500
001 13162
003 GE_BSU
008 181216s||||||||xx |||||||||||||| ||und||
040 _cGE_BSU
080 _a821.111-3
100 _aGrisham,John.
245 4 _aThe last juror.
260 _bBCA.
260 _c2004
300 _a356p;20cm.
653 _aThe last juror.
942 _cBK
999 _c46326
_d46326